[Event "Play for Durgesh Fundraiser Blitz"]
[Site "Vishy Anand Arena"]
[Date "2020.09.19"]
[Round "4"]
[White "Thor_attack"]
[Black "TOY 2"]
[Result "0-1"]
[WhiteElo "1872"]
[BlackElo "1589"]
[Annotator "NA"]
[PlyCount "94"]
[EventDate "2020.09.19"]
[EventType "swiss (blitz)"]

1. e4 c5 2. Nf3 d6 3. Bb5+ Bd7 4. Bxd7+ Nxd7 5. O-O Ngf6 6. Re1 e6 7. c4 Be7 8. Nc3 O-O 9. d4 cxd4 10. Nxd4 Nc5 11. f3 Qc7 12. Kh1 Rad8 13. Qe2 a6 14. Be3 b6 15. Rac1 Nfd7 16. b4 Nb7 17. Nb3 Ne5 18. Na4 Nd7 19. Rc2 Rc8 20. Rec1 Rfd8 21. c5 bxc5 22. bxc5 Ndxc5 23. Naxc5 Nxc5 24. Nxc5 dxc5 25. Qxa6 c4 26. g3 Ra8 27. Qxc4 Qxc4 28. Rxc4 Rxa2 29. R4c2 Rxc2 30. Rxc2 h6 31. Kg2 Bf6 32. f4 Kh7 33. Kf3 Kg6 34. Rc7 Rd1 35. g4 Rf1+ 36. Kg2 Re1 37. Bf2 Rxe4 38. Kf3 Ra4 39. Rc5 Ra3+ 40. Kg2 Ra2 41. f5+ exf5 42. gxf5+ Kg5 43. Kf3 Ra3+ 44. Be3+ Kh5 45. Rc4 g5 46. fxg6 fxg6 47. Rc5+ Bg5 0-1

[Event "Play for Durgesh Fundraiser Blitz"]
[Site "Vishy Anand Arena"]
[Date "2020.09.19"]
[Round "4"]
[White "Atri Chattopadhyay"]
[Black "PlasticBabu"]
[Result "1-0"]
[WhiteElo "1857"]
[BlackElo "1812"]
[Annotator "NA"]
[PlyCount "69"]
[EventDate "2020.09.19"]
[EventType "swiss (blitz)"]

1. e4 c5 2. c3 g6 3. d4 cxd4 4. cxd4 Bg7 5. Nc3 d5 6. exd5 Nf6 7. Bc4 O-O 8. Nf3 Bg4 9. Bf4 Nbd7 10. Be5 Rc8 11. Bb3 Nb6 12. h3 Bxf3 13. Qxf3 a5 14. a4 Nc4 15. Bxc4 Rxc4 16. O-O Rb4 17. Rab1 Qb6 18. d6 Nd7 19. Bxg7 Kxg7 20. dxe7 Re8 21. Nd5 Qxd4 22. Nxb4 Qxb4 23. Rfe1 Rxe7 24. Rxe7 Qxe7 25. Qxb7 Qe6 26. Qf3 Nf6 27. Qc3 Qf5 28. g4 Qxb1+ 29. Kg2 Qe4+ 30. Kg3 h6 31. f3 Qe2 32. h4 g5 33. hxg5 hxg5 34. Qc1 Qe5+ 35. Kg2 1-0

[Event "Play for Durgesh Fundraiser Blitz"]
[Site "Vishy Anand Arena"]
[Date "2020.09.19"]
[Round "4"]
[White "Muralikrishna"]
[Black "grandmaster1361"]
[Result "0-1"]
[WhiteElo "1852"]
[BlackElo "1620"]
[Annotator "NA"]
[PlyCount "30"]
[EventDate "2020.09.19"]
[EventType "swiss (blitz)"]

1. e4 e5 2. d4 exd4 3. c3 Nc6 4. Bc4 dxc3 5. Nxc3 Bc5 6. Bxf7+ Kxf7 7. Qd5+ Ke8 8. Qxc5 Qe7 9. Nf3 Qxc5 10. Be3 Qb4 11. O-O-O Nf6 12. e5 Ng4 13. Bd2 Nd4 14. Kb1 Nxf2 15. Nd5 Qc4 0-1

[Event "Play for Durgesh Fundraiser Blitz"]
[Site "Vishy Anand Arena"]
[Date "2020.09.19"]
[Round "4"]
[White "Apply11"]
[Black "Namitbir Singh"]
[Result "1-0"]
[WhiteElo "1845"]
[BlackElo "1900"]
[Annotator "NA"]
[PlyCount "53"]
[EventDate "2020.09.19"]
[EventType "swiss (blitz)"]

1. d4 Nf6 2. Nf3 c5 3. c3 cxd4 4. cxd4 g6 5. Nc3 Bg7 6. Bg5 O-O 7. Rc1 d6 8. e3 Qb6 9. Bc4 Nbd7 10. O-O Qxb2 11. Nb5 Qb4 12. Qe2 Qa5 13. e4 a6 14. Nc3 b5 15. Bd5 Ra7 16. e5 Nxd5 17. Nxd5 dxe5 18. Nxe7+ Kh8 19. Rxc8 Rxc8 20. Nxc8 Rc7 21. Nd6 f6 22. Bd2 Qxa2 23. dxe5 Nxe5 24. Nxe5 fxe5 25. Re1 Rd7 26. Qf3 Qxd2 27. Qa8+ 1-0

[Event "Play for Durgesh Fundraiser Blitz"]
[Site "Vishy Anand Arena"]
[Date "2020.09.19"]
[Round "4"]
[White "neshaqn"]
[Black "Vishvajeet Singh"]
[Result "1-0"]
[WhiteElo "1840"]
[BlackElo "1597"]
[Annotator "NA"]
[PlyCount "127"]
[EventDate "2020.09.19"]
[EventType "swiss (blitz)"]

1. d4 Nf6 2. c4 e6 3. Nf3 b6 4. g3 Bb7 5. Bg2 d5 6. O-O Be7 7. Nc3 O-O 8. Bf4 c5 9. cxd5 Nxd5 10. Nxd5 Bxd5 11. Re1 cxd4 12. Qxd4 Bf6 13. Qd2 Nc6 14. Rad1 Bxa2 15. Qc2 Qc8 16. Ng5 Bxg5 17. Bxc6 Bxf4 18. gxf4 Bd5 19. Rc1 Bxc6 20. Qxc6 Qxc6 21. Rxc6 Rac8 22. Rd6 Rc2 23. b3 Rb2 24. Rd3 g6 25. e3 Rc8 26. Ra1 a5 27. Rad1 Rcc2 28. Rf1 Kg7 29. Kg2 h5 30. Kg3 Kf6 31. h3 h4+ 32. Kf3 Rc5 33. Kg2 Rb5 34. e4 R2xb3 35. Rd7 R5b4 36. e5+ Kg7 37. Rc1 Rxf4 38. Rc2 Rbf3 39. Rb2 a4 40. Ra7 a3 41. Ra2 b5 42. R7xa3 Rxa3 43. Rxa3 Re4 44. Rb3 Rxe5 45. Kh2 Rd5 46. Kg2 Kf6 47. Rf3+ Ke7 48. Ra3 f6 49. Ra7+ Kd6 50. Ra8 Ke5 51. Rf8 g5 52. Rg8 f5 53. Rf8 Kf4 54. Rg8 e5 55. Ra8 e4 56. Ra3 Rd3 57. Ra5 Rb3 58. Ra6 b4 59. Rb6 Rf3 60. Rxb4 Rd3 61. Rb5 Rd2 62. Rb6 Rd3 63. Rb4 Rd5 64. Rxe4+ 1-0

[Event "Play for Durgesh Fundraiser Blitz"]
[Site "Vishy Anand Arena"]
[Date "2020.09.19"]
[Round "4"]
[White "Twobrothers"]
[Black "Varunrambharose"]
[Result "0-1"]
[WhiteElo "1839"]
[BlackElo "1795"]
[Annotator "NA"]
[PlyCount "56"]
[EventDate "2020.09.19"]
[EventType "swiss (blitz)"]

1. e4 c6 2. d4 d5 3. Nc3 dxe4 4. Nxe4 Bf5 5. Ng3 Bg6 6. h4 h6 7. Nf3 Nd7 8. h5 Bh7 9. Bd3 Bxd3 10. Qxd3 e6 11. Bd2 Ngf6 12. O-O-O Qc7 13. Kb1 O-O-O 14. Ne4 Nxe4 15. Qxe4 Nf6 16. Qe2 Bd6 17. g3 Rd7 18. c4 Rhd8 19. Bc3 Kb8 20. Ne5 Bxe5 21. dxe5 Ne4 22. Rxd7 Nxc3+ 23. bxc3 Qxd7 24. Kc2 c5 25. Kb2 Qd2+ 26. Qxd2 Rxd2+ 27. Kb3 Rxf2 28. Rd1 Kc7 0-1

[Event "Play for Durgesh Fundraiser Blitz"]
[Site "Vishy Anand Arena"]
[Date "2020.09.19"]
[Round "4"]
[White "Passedpawnindia"]
[Black "lsr"]
[Result "0-1"]
[WhiteElo "1828"]
[BlackElo "2183"]
[Annotator "NA"]
[PlyCount "88"]
[EventDate "2020.09.19"]
[EventType "swiss (blitz)"]

1. d4 d6 2. e4 Nf6 3. Nc3 e5 4. dxe5 dxe5 5. Qxd8+ Kxd8 6. Bc4 Be6 7. Bxe6 fxe6 8. f3 Bd6 9. Nh3 Ke7 10. Nf2 a6 11. Nd3 b5 12. Bg5 Nc6 13. Ne2 h6 14. Bh4 g5 15. Bg3 Nh5 16. c3 Rhg8 17. Bf2 Nf4 18. Nexf4 gxf4 19. g3 Raf8 20. gxf4 exf4 21. Ke2 e5 22. Rag1 Kf7 23. Rxg8 Rxg8 24. Rg1 Rd8 25. Ra1 Rb8 26. b4 a5 27. a3 Ra8 28. Nc5 axb4 29. cxb4 Nxb4 30. Rb1 Nc6 31. Rxb5 Rxa3 32. Rb2 Nd4+ 33. Bxd4 exd4 34. Nd3 c5 35. Rc2 Ra5 36. e5 Be7 37. Nxf4 Ra1 38. Nd3 Rh1 39. Nf2 Rxh2 40. f4 Bh4 41. Kf3 Rxf2+ 42. Rxf2 Bxf2 43. Kxf2 Ke6 44. Kf3 Kf5 0-1

[Event "Play for Durgesh Fundraiser Blitz"]
[Site "Vishy Anand Arena"]
[Date "2020.09.19"]
[Round "4"]
[White "RRaman"]
[Black "Sparsh gupta"]
[Result "1-0"]
[WhiteElo "1815"]
[BlackElo "1503"]
[Annotator "NA"]
[PlyCount "137"]
[EventDate "2020.09.19"]
[EventType "swiss (blitz)"]

1. d4 Nf6 2. e3 g6 3. f4 Bg7 4. g4 e6 5. g5 Ne4 6. Nd2 Nxd2 7. Bxd2 h6 8. Nf3 hxg5 9. fxg5 Nc6 10. h4 d6 11. Bc3 Bd7 12. Bd3 e5 13. d5 Ne7 14. e4 c6 15. dxc6 Bxc6 16. Qe2 Qc7 17. O-O-O O-O-O 18. Bb5 Kb8 19. Bxc6 Qxc6 20. Kb1 Rc8 21. Rd3 Rhd8 22. Rhd1 f6 23. gxf6 Bxf6 24. Bb4 Rd7 25. Rxd6 Rxd6 26. Rxd6 Qc4 27. Qxc4 Rxc4 28. Bc3 Rc6 29. Rxc6 Nxc6 30. b4 a6 31. a4 b5 32. axb5 axb5 33. Kb2 Kc7 34. Kb3 Kd6 35. Be1 Nd4+ 36. Nxd4 exd4 37. Bg3+ Be5 38. Bf2 Ke6 39. Be1 Kf6 40. c4 dxc3 41. Bxc3 Bxc3 42. Kxc3 Ke5 43. Kd3 Ke6 44. Kd4 Kd6 45. e5+ Ke6 46. Ke4 Ke7 47. Kd5 Kd7 48. e6+ Ke7 49. Ke5 Ke8 50. Kf6 Kf8 51. Kxg6 Ke7 52. h5 Kxe6 53. h6 Kd5 54. h7 Kc4 55. h8=Q Kxb4 56. Qf8+ Ka4 57. Kf5 b4 58. Ke4 b3 59. Kd3 Kb5 60. Kc3 b2 61. Kxb2 Kc4 62. Qf5 Kd4 63. Kc2 Ke3 64. Qg4 Kf2 65. Kd2 Kf1 66. Qe2+ Kg1 67. Ke3 Kh1 68. Kf3 Kg1 69. Qg2# 1-0

[Event "Play for Durgesh Fundraiser Blitz"]
[Site "Vishy Anand Arena"]
[Date "2020.09.19"]
[Round "4"]
[White "Suryamnaik"]
[Black "Arjunkalyan"]
[Result "0-1"]
[WhiteElo "1799"]
[BlackElo "2319"]
[PlyCount "34"]
[EventDate "2020.09.19"]
[EventType "swiss (blitz)"]

1. e4 c5 2. c3 d5 3. exd5 Qxd5 4. d4 Nc6 5. Nf3 Bf5 6. Be3 Nf6 7. dxc5 Qxd1+ 8. Kxd1 Ng4 9. Ke2 e5 10. b4 O-O-O 11. Ne1 Be6 12. Nd2 f5 13. f3 Nxe3 14. Kxe3 g6 15. Bc4 Bh6+ 16. f4 exf4+ 17. Kf3 Ne5+ 0-1

[Event "Play for Durgesh Fundraiser Blitz"]
[Site "Vishy Anand Arena"]
[Date "2020.09.19"]
[Round "4"]
[White "Sairam Ramabadra"]
[Black "Sujay_bm"]
[Result "1-0"]
[WhiteElo "1784"]
[BlackElo "1828"]
[Annotator "NA"]
[PlyCount "65"]
[EventDate "2020.09.19"]
[EventType "swiss (blitz)"]

1. e4 e6 2. Qe2 Be7 3. g3 d5 4. d3 c6 5. Bg2 Nf6 6. f4 O-O 7. Nf3 Qb6 8. c3 dxe4 9. dxe4 Bc5 10. b4 Be7 11. Be3 Qc7 12. Nbd2 Ng4 13. Bg1 b6 14. h3 Nf6 15. Bf2 Bb7 16. O-O c5 17. b5 a6 18. a4 Nbd7 19. c4 Rad8 20. e5 Ne8 21. Ne4 f5 22. exf6 Nexf6 23. Neg5 Rde8 24. Nxe6 Bd8 25. Rfe1 Qd6 26. Rad1 Qe7 27. Qd3 Rf7 28. Neg5 Be4 29. Nxe4 Nxe4 30. Ng5 Nxf2 31. Rxe7 Rfxe7 32. Qxh7+ Kf8 33. Qh8# 1-0

[Event "Play for Durgesh Fundraiser Blitz"]
[Site "Vishy Anand Arena"]
[Date "2020.09.19"]
[Round "4"]
[White "VedTheKnight"]
[Black "Lightning McQueen"]
[Result "1-0"]
[WhiteElo "1778"]
[BlackElo "1714"]
[Annotator "NA"]
[PlyCount "67"]
[EventDate "2020.09.19"]
[EventType "swiss (blitz)"]

1. d4 Nf6 2. Bf4 c5 3. d5 d6 4. c4 g6 5. Nc3 Bg7 6. e4 Nbd7 7. Nf3 O-O 8. Bd3 Ng4 9. Qd2 a6 10. h3 Nge5 11. Nxe5 Nxe5 12. Bxe5 Bxe5 13. f4 Bg7 14. O-O f5 15. Rae1 fxe4 16. Nxe4 Bf5 17. b3 Qd7 18. Ng5 Bxd3 19. Qxd3 Rae8 20. Ne6 Rf6 21. g4 Bh8 22. Kg2 Rf7 23. h4 Bf6 24. g5 Bh8 25. Rh1 Rf5 26. Ref1 b5 27. h5 bxc4 28. bxc4 Rb8 29. Rf2 Rb2 30. Rxb2 Bxb2 31. hxg6 hxg6 32. Rh6 Qe8 33. Qh3 Rf7 34. Rxg6+ 1-0

[Event "Play for Durgesh Fundraiser Blitz"]
[Site "Vishy Anand Arena"]
[Date "2020.09.19"]
[Round "4"]
[White "MirageFafnir"]
[Black "sanjo_hunter"]
[Result "1-0"]
[WhiteElo "1774"]
[BlackElo "1619"]
[Annotator "NA"]
[PlyCount "79"]
[EventDate "2020.09.19"]
[EventType "swiss (blitz)"]

1. e4 e5 2. Nf3 Nc6 3. Bb5 Bc5 4. c3 Bb6 5. O-O d6 6. d4 Bg4 7. d5 a6 8. Ba4 Qf6 9. dxc6 Ke7 10. Bg5 Qxg5 11. Nxg5 Bxd1 12. Rxd1 h6 13. Nf3 Nf6 14. cxb7 Rab8 15. Bc6 Ng4 16. Rf1 Rhf8 17. h3 Nf6 18. Nbd2 Nh5 19. g3 f5 20. exf5 Nxg3 21. Kg2 Nxf5 22. Ne4 g5 23. c4 Ng7 24. c5 dxc5 25. Nxe5 Rbd8 26. Ng6+ Kf7 27. Nxf8 Kxf8 28. Rad1 Rb8 29. Nf6 Ne6 30. Nd7+ Ke7 31. Nxb8 Nd4 32. Rxd4 cxd4 33. Nd7 Ba7 34. Re1+ Kd6 35. Ba4 d3 36. Rd1 c5 37. Rxd3+ Kc7 38. Ne5 Kxb7 39. Rd7+ Kb6 40. Nc4# 1-0

[Event "Play for Durgesh Fundraiser Blitz"]
[Site "Vishy Anand Arena"]
[Date "2020.09.19"]
[Round "4"]
[White "Scorpion29"]
[Black "Vhjoshi"]
[Result "1/2-1/2"]
[WhiteElo "1754"]
[BlackElo "1436"]
[Annotator "NA"]
[PlyCount "135"]
[EventDate "2020.09.19"]
[EventType "swiss (blitz)"]

1. e4 e5 2. Nf3 Nc6 3. Bb5 a6 4. Ba4 Nf6 5. O-O b5 6. Bb3 Be7 7. Re1 O-O 8. a4 d6 9. axb5 Na7 10. bxa6 Nc6 11. d3 Bxa6 12. Nc3 Bb7 13. Bg5 Rxa1 14. Qxa1 Ne8 15. Bxe7 Qxe7 16. Nd5 Qd7 17. Qa2 Kh8 18. Ne3 Nd4 19. Nxd4 exd4 20. Nf5 Nf6 21. Ra1 d5 22. Qa4 dxe4 23. Qxd7 Nxd7 24. dxe4 Bxe4 25. Nxd4 Nf6 26. f3 Bd5 27. Bxd5 Nxd5 28. Kf2 c5 29. Nc6 Kg8 30. Ra7 h6 31. Ne7+ Nxe7 32. Rxe7 Rb8 33. b3 c4 34. bxc4 Rc8 35. Ke3 Rxc4 36. Kd3 Rc5 37. c4 Kf8 38. Ra7 g6 39. Kd4 Rc8 40. c5 Rd8+ 41. Kc4 Rd2 42. c6 Rxg2 43. c7 Rc2+ 44. Kd5 Kg7 45. Kd6 Rd2+ 46. Kc6 Rc2+ 47. Kd7 Rd2+ 48. Kc8 Rxh2 49. Kb8 Rb2+ 50. Rb7 Rc2 51. c8=Q Rxc8+ 52. Kxc8 Kf6 53. Kd7 g5 54. Rb5 h5 55. Kd6 g4 56. fxg4 hxg4 57. Kd5 g3 58. Kd4 Kg6 59. Rb2 f5 60. Rg2 f4 61. Ke4 Kg5 62. Kf3 Kf5 63. Re2 Kg5 64. Re4 g2 65. Kxg2 Kg4 66. Re2 f3+ 67. Kf2 fxe2 68. Kxe2 1/2-1/2

[Event "Play for Durgesh Fundraiser Blitz"]
[Site "Vishy Anand Arena"]
[Date "2020.09.19"]
[Round "4"]
[White "Arunava"]
[Black "Aaryan Varshney"]
[Result "0-1"]
[WhiteElo "1745"]
[BlackElo "2144"]
[Annotator "NA"]
[PlyCount "80"]
[EventDate "2020.09.19"]
[EventType "swiss (blitz)"]

1. d4 Nf6 2. c4 e6 3. Nf3 d5 4. Nc3 Be7 5. Bg5 O-O 6. e3 h6 7. Bf4 c5 8. Bd3 Nc6 9. O-O cxd4 10. exd4 Nb4 11. Rc1 Nxd3 12. Qxd3 b6 13. cxd5 Nxd5 14. Be5 Bb7 15. a3 Rc8 16. Ne4 Qd7 17. h3 Qa4 18. Nd6 Bxd6 19. Bxd6 Rfd8 20. Be5 Ba6 21. Qd1 Qb5 22. Re1 Qxb2 23. Rxc8 Rxc8 24. Nh2 f6 25. Qg4 Rc6 26. Bg3 Bd3 27. Nf3 Bf5 28. Qh5 Kh7 29. Nh4 g6 30. Qf3 Rc1 31. Rxc1 Qxc1+ 32. Kh2 Qg5 33. Nxf5 Qxf5 34. Qb3 Qe4 35. Qb2 Qd3 36. Bb8 Qc3 37. Qxc3 Nxc3 38. Bxa7 b5 39. Bc5 Nd5 40. Kg3 b4 0-1

[Event "Play for Durgesh Fundraiser Blitz"]
[Site "Vishy Anand Arena"]
[Date "2020.09.19"]
[Round "4"]
[White "mightyqueen"]
[Black "AyushR"]
[Result "0-1"]
[WhiteElo "1743"]
[BlackElo "1807"]
[Annotator "NA"]
[PlyCount "142"]
[EventDate "2020.09.19"]
[EventType "swiss (blitz)"]

1. d4 Nf6 2. Bf4 e6 3. e3 d5 4. Nf3 Bb4+ 5. c3 Be7 6. Nbd2 O-O 7. Bd3 c5 8. Ne5 Nbd7 9. h4 Nxe5 10. dxe5 Nd7 11. Nf3 f6 12. exf6 Nxf6 13. Ng5 Bd6 14. g3 h6 15. Bxd6 Qxd6 16. Nf3 Bd7 17. Qd2 Bc6 18. Be2 Ne4 19. Qc2 d4 20. exd4 cxd4 21. O-O-O Nxc3 22. Qxc3 dxc3 23. Rxd6 cxb2+ 24. Kxb2 Bxf3 25. Bxf3 Rxf3 26. Rxe6 Rxf2+ 27. Kb1 Rg2 28. Rg6 Rf8 29. Rc1 Rff2 30. Re1 Rb2+ 31. Kc1 Rxa2 32. Kb1 Rgb2+ 33. Kc1 Rc2+ 34. Kd1 Rd2+ 35. Kc1 Rdc2+ 36. Kd1 Ra1+ 37. Kxc2 Rxe1 38. g4 Re4 39. g5 hxg5 40. hxg5 Kf7 41. Rd6 b6 42. Rd7+ Re7 43. g6+ Kf6 44. Rd6+ Re6 45. Rd7 Re7 46. Rd6+ Kg5 47. Kb3 Kf5 48. Kb4 Ke5 49. Rc6 Kd5 50. Rc8 Rb7 51. Rg8 a5+ 52. Kb5 Ke5 53. Rd8 Kf6 54. Rd6+ Kg5 55. Rc6 Kh6 56. Rd6 Rb8 57. Rc6 Kg5 58. Rd6 Kf5 59. Rc6 a4 60. Kxa4 b5+ 61. Kb4 Rb7 62. Rd6 Kg5 63. Rc6 Kh6 64. Rd6 Kh5 65. Rc6 Rb8 66. Rd6 Kg4 67. Rc6 Kf5 68. Rd6 Kg5 69. Ra6 Kf4 70. Rc6 Ke3 71. Ra6 Kd4 0-1

[Event "Play for Durgesh Fundraiser Blitz"]
[Site "Vishy Anand Arena"]
[Date "2020.09.19"]
[Round "4"]
[White "Sathvik_adiga11"]
[Black "Ramul"]
[Result "1-0"]
[WhiteElo "1741"]
[BlackElo "1933"]
[Annotator "NA"]
[PlyCount "101"]
[EventDate "2020.09.19"]
[EventType "swiss (blitz)"]

1. e4 c5 2. Nf3 e6 3. c3 d5 4. exd5 exd5 5. d4 Nf6 6. Bd3 Bd6 7. Qe2+ Be6 8. Ng5 Qe7 9. dxc5 Bxc5 10. O-O O-O 11. Be3 Bxe3 12. Qxe3 Ng4 13. Qf4 h6 14. Nxe6 Qxe6 15. Bf5 Qb6 16. Bxg4 Qxb2 17. Nd2 Qxc3 18. Nf3 Nc6 19. Rac1 Qa3 20. Ne5 Qd6 21. Nd3 Qg6 22. Bf5 Qf6 23. Bh3 Qg6 24. Rfd1 Rfe8 25. Qg3 Qe4 26. Nc5 Qe7 27. Nd3 Rad8 28. Nf4 d4 29. Nh5 Qf8 30. Bf5 Rd5 31. Nf6+ Kh8 32. Nxd5 g6 33. Bb1 Qg7 34. Nf4 Qf6 35. Nd3 g5 36. Qh3 Kg7 37. Qf3 Qd6 38. Qf5 Re6 39. Nc5 Rf6 40. Qh7+ Kf8 41. Re1 Re6 42. Nxe6+ fxe6 43. Rc2 Qe7 44. Qh8+ Kf7 45. Rce2 Qf8 46. Bg6+ Kxg6 47. Rxe6+ Kh5 48. Qxf8 Ne5 49. Rxh6+ Kg4 50. Rxe5 d3 51. Qf3# 1-0

[Event "Play for Durgesh Fundraiser Blitz"]
[Site "Vishy Anand Arena"]
[Date "2020.09.19"]
[Round "4"]
[White "Suryakhanal"]
[Black "SuhasMrinal"]
[Result "1-0"]
[WhiteElo "1739"]
[BlackElo "1620"]
[Annotator "NA"]
[PlyCount "31"]
[EventDate "2020.09.19"]
[EventType "swiss (blitz)"]

1. d4 Nf6 2. Bf4 e6 3. e3 Bb4+ 4. c3 Be7 5. Nd2 O-O 6. Ngf3 d5 7. Bd3 b6 8. Ne5 Bd6 9. Qf3 Bxe5 10. dxe5 Nfd7 11. Qh5 g6 12. Qh6 c5 13. h4 Bb7 14. h5 d4 15. hxg6 fxg6 16. Qxh7# 1-0

[Event "Play for Durgesh Fundraiser Blitz"]
[Site "Vishy Anand Arena"]
[Date "2020.09.19"]
[Round "4"]
[White "Ashutosh Agrawal"]
[Black "Rockboss"]
[Result "1-0"]
[WhiteElo "1728"]
[BlackElo "1396"]
[Annotator "NA"]
[PlyCount "55"]
[EventDate "2020.09.19"]
[EventType "swiss (blitz)"]

1. e4 c5 2. Nf3 e6 3. d4 cxd4 4. Nxd4 Nf6 5. Nc3 Nc6 6. Bg5 h6 7. Bh4 g5 8. Bg3 Bb4 9. Qd2 d5 10. exd5 Nxd5 11. Bb5 Nxc3 12. bxc3 Bd6 13. Nxc6 bxc6 14. Bxc6+ Bd7 15. Bxa8 Bxg3 16. hxg3 Qxa8 17. O-O Bc6 18. f3 g4 19. Qf4 Rg8 20. Rab1 gxf3 21. Rb8+ Qxb8 22. Qxb8+ Ke7 23. Qb4+ Kf6 24. Qf4+ Ke7 25. Qc7+ Bd7 26. Rd1 fxg2 27. Rxd7+ Kf6 28. Rxf7+ 1-0

[Event "Play for Durgesh Fundraiser Blitz"]
[Site "Vishy Anand Arena"]
[Date "2020.09.19"]
[Round "4"]
[White "Santy18389"]
[Black "SR1211"]
[Result "0-1"]
[WhiteElo "1726"]
[BlackElo "1906"]
[Annotator "NA"]
[PlyCount "134"]
[EventDate "2020.09.19"]
[EventType "swiss (blitz)"]

1. e4 e6 2. f4 d5 3. e5 c5 4. Nf3 Nc6 5. Bb5 Nge7 6. c3 a6 7. Bxc6+ Nxc6 8. O-O Qb6 9. d4 cxd4 10. cxd4 Bd7 11. Nc3 Rc8 12. Rb1 Bb4 13. Be3 Na5 14. a3 Be7 15. Na4 Bxa4 16. Qxa4+ Nc6 17. b4 O-O 18. Rfc1 Qb5 19. Qxb5 axb5 20. h3 Ra8 21. Rb3 Ra4 22. Rc2 Rfa8 23. Bc1 h6 24. g4 Bd8 25. g5 hxg5 26. fxg5 Bb6 27. h4 Bxd4+ 28. Nxd4 Nxd4 29. Rbc3 Nxc2 30. Rxc2 R4a6 31. Bb2 Rc6 32. Rd2 Rac8 33. Bd4 Rc1+ 34. Kf2 R1c2 35. Ke3 Rxd2 36. Kxd2 Rc4 37. Kd3 g6 38. Bf2 Rf4 39. Ke3 Re4+ 40. Kd3 Rxe5 41. Kd4 Re2 42. Bg3 b6 43. Bc7 Re4+ 44. Kd3 Rxh4 45. Bxb6 Rh3+ 46. Kd4 Rxa3 47. Kc5 Rg3 48. Kxb5 Rxg5 49. Bd8 Rf5 50. Kc6 d4 51. b5 d3 52. Ba5 Rd5 53. Bd2 Kf8 54. b6 Ke7 55. Kc7 Rd6 56. b7 Rd7+ 57. Kc6 Rxb7 58. Kxb7 e5 59. Kc6 Ke6 60. Kc5 f5 61. Kc4 e4 62. Kd4 Kf6 63. Ke3 g5 64. Bc3+ Ke6 65. Bd2 Kd5 66. Bc3 f4+ 67. Kf2 Kc4 0-1

[Event "Play for Durgesh Fundraiser Blitz"]
[Site "Vishy Anand Arena"]
[Date "2020.09.19"]
[Round "4"]
[White "SHANKHADEEP2006"]
[Black "anandfan"]
[Result "1-0"]
[WhiteElo "1720"]
[BlackElo "1810"]
[Annotator "NA"]
[PlyCount "95"]
[EventDate "2020.09.19"]
[EventType "swiss (blitz)"]

1. e4 c5 2. Nf3 d6 3. Bb5+ Bd7 4. Bxd7+ Qxd7 5. O-O Nf6 6. Re1 Nc6 7. c3 e6 8. d4 cxd4 9. cxd4 d5 10. Nc3 Bb4 11. exd5 Nxd5 12. Bd2 Be7 13. Ne5 Nxe5 14. dxe5 O-O 15. Nxd5 Qxd5 16. Bc3 Rfd8 17. Qxd5 Rxd5 18. Rad1 Rad8 19. Rxd5 Rxd5 20. Kf1 Bc5 21. f4 Kf8 22. Ke2 Ke8 23. h3 h5 24. g4 hxg4 25. hxg4 Kd7 26. f5 Bd4 27. Rd1 Bc5 28. Rxd5+ exd5 29. e6+ fxe6 30. fxe6+ Kxe6 31. Bxg7 Kf7 32. Be5 Kg6 33. Bf4 Bd4 34. b3 Bf6 35. Kd3 Kf7 36. Be3 a6 37. g5 Be5 38. Bd4 Bf4 39. Be3 Be5 40. Bd2 Kg6 41. a4 Kf5 42. Be3 b5 43. a5 Bc7 44. b4 Bd6 45. Bd2 Be5 46. Bc3 Bd6 47. Kd4 Be5+ 48. Kxd5 1-0

[Event "Play for Durgesh Fundraiser Blitz"]
[Site "Vishy Anand Arena"]
[Date "2020.09.19"]
[Round "4"]
[White "Manasa_chess lady"]
[Black "Position"]
[Result "0-1"]
[WhiteElo "1713"]
[BlackElo "2129"]
[PlyCount "106"]
[EventDate "2020.09.19"]
[EventType "swiss (blitz)"]

1. e4 c5 2. Nc3 d6 3. g3 Nc6 4. Bg2 e5 5. d3 Nf6 6. h3 Be7 7. Nge2 Be6 8. O-O Qc8 9. Kh2 O-O 10. Be3 a6 11. Qd2 b5 12. Nd1 Rb8 13. f4 Nd4 14. c3 Nxe2 15. Qxe2 c4 16. d4 exd4 17. Bxd4 Re8 18. f5 Bd7 19. e5 dxe5 20. Ba7 e4 21. Bxb8 Qxb8 22. Ne3 Bd6 23. Qf2 h5 24. h4 Bc5 25. Bh3 Nd5 26. Rae1 Qb6 27. Nxd5 Bxf2 28. Nxb6 Bxb6 29. Bg2 e3 30. Re2 Re5 31. Bh3 Bc6 32. Rf4 Rd5 33. Bf1 Rd1 34. f6 g6 35. g4 hxg4 36. Kg3 Bc7 37. Bg2 Rg1 38. h5 Rxg2+ 39. Rxg2 Bxg2 40. Kxg2 Bxf4 41. hxg6 fxg6 42. Kf1 Kf7 43. Ke2 Kxf6 44. a3 Ke5 45. a4 Ke4 46. Kf1 Kf3 47. axb5 axb5 48. b4 e2+ 49. Ke1 Bg3+ 50. Kd2 e1=Q+ 51. Kc2 Qe2+ 52. Kb1 Qd3+ 53. Kc1 Bf4+ 0-1

[Event "Play for Durgesh Fundraiser Blitz"]
[Site "Vishy Anand Arena"]
[Date "2020.09.19"]
[Round "4"]
[White "A1263a"]
[Black "Dev11"]
[Result "0-1"]
[WhiteElo "1706"]
[BlackElo "1675"]
[Annotator "NA"]
[PlyCount "128"]
[EventDate "2020.09.19"]
[EventType "swiss (blitz)"]

1. Nf3 Nf6 2. g3 g6 3. Bg2 Bg7 4. O-O d5 5. d4 O-O 6. c3 Nc6 7. Nbd2 Bg4 8. h3 Be6 9. Re1 h6 10. e4 dxe4 11. Nxe4 Nxe4 12. Rxe4 Bf5 13. Re1 e5 14. dxe5 Qxd1 15. Rxd1 Rad8 16. Be3 a6 17. g4 Be6 18. Bd4 Bd5 19. Re1 Bxf3 20. Bxf3 Nxd4 21. cxd4 Rxd4 22. Bxb7 Rb8 23. Bxa6 Rxb2 24. Re2 Rxe2 25. Bxe2 Bxe5 26. a4 Rd2 27. Re1 Bc3 28. Bb5 c6 29. Re8+ Kg7 30. Bxc6 Bd4 31. a5 Rxf2 32. Kh1 Rc2 33. Bd7 Rc7 34. Ba4 Ra7 35. Bb3 Rxa5 36. Re7 Ra1+ 37. Kg2 Rb1 38. Rxf7+ Kh8 39. Rf8+ Kg7 40. Rg8+ Kf6 41. Rf8+ Kg5 42. Be6 Rb2+ 43. Kf1 Kh4 44. Rh8 Bxh8 45. Bf7 g5 46. Bg6 Bd4 47. Bh5 Rf2+ 48. Ke1 Rh2 49. Kd1 Rxh3 50. Kc2 Kg3 51. Kd3 Rxh5 52. Ke4 Bf2 53. Kf5 Rh4 54. Kg6 Rxg4 55. Kh5 Kf3 56. Kg6 h5 57. Kxh5 Rg1 58. Kg6 g4 59. Kf5 g3 60. Ke5 g2 61. Kf6 Rd1 62. Ke5 g1=Q 63. Ke6 Qg6+ 64. Ke7 Bc5# 0-1

[Event "Play for Durgesh Fundraiser Blitz"]
[Site "Vishy Anand Arena"]
[Date "2020.09.19"]
[Round "4"]
[White "Shreesuday"]
[Black "Mithil"]
[Result "0-1"]
[WhiteElo "1700"]
[BlackElo "2070"]
[Annotator "NA"]
[PlyCount "64"]
[EventDate "2020.09.19"]
[EventType "swiss (blitz)"]

1. d4 d5 2. Bf4 Nf6 3. e3 e6 4. Bd3 Bd6 5. Bg3 c5 6. c3 Qc7 7. Nf3 Nbd7 8. Nbd2 O-O 9. Bc2 e5 10. dxe5 Nxe5 11. Nxe5 Bxe5 12. Nf3 Bxg3 13. hxg3 Bg4 14. Qd2 Rac8 15. O-O-O Rfd8 16. Rh4 h6 17. Re1 Bxf3 18. gxf3 Qa5 19. a3 Rd6 20. Ra4 Qb6 21. Rf4 Rcd8 22. Rd1 Qb5 23. Qd3 c4 24. Qd2 Rb6 25. Bb1 Rdd6 26. Rd4 Nd7 27. e4 Nc5 28. exd5 Nb3+ 29. Kc2 Nxd2 30. Kxd2 Qxb2+ 31. Ke3 Qxc3+ 32. Ke4 Qxa3 0-1

[Event "Play for Durgesh Fundraiser Blitz"]
[Site "Vishy Anand Arena"]
[Date "2020.09.19"]
[Round "4"]
[White "Sohammdh"]
[Black "Prochamp27"]
[Result "1-0"]
[WhiteElo "1696"]
[BlackElo "1598"]
[Annotator "NA"]
[PlyCount "61"]
[EventDate "2020.09.19"]
[EventType "swiss (blitz)"]

1. e4 e5 2. Nf3 Nc6 3. Bb5 Nf6 4. O-O Bc5 5. c3 O-O 6. d4 exd4 7. cxd4 Bb4 8. Bg5 h6 9. Bxf6 Qxf6 10. e5 Qg6 11. Nc3 d6 12. Nd5 dxe5 13. Bxc6 bxc6 14. Nxb4 Bh3 15. Nh4 Qg5 16. Qf3 Qxh4 17. Qxh3 Qxd4 18. Nxc6 Qxb2 19. Qb3 Qd2 20. Rad1 Qg5 21. Rd5 Qg6 22. Nxe5 Qe6 23. Rfd1 Qe7 24. Nf3 Rab8 25. Qc3 Rb6 26. Rd7 Qe6 27. Qxc7 Rc6 28. Qxa7 Re8 29. Rd8 Ra6 30. Rxe8+ Qxe8 31. Qxa6 1-0

[Event "Play for Durgesh Fundraiser Blitz"]
[Site "Vishy Anand Arena"]
[Date "2020.09.19"]
[Round "4"]
[White "Duvvaabbulu"]
[Black "Aniketmohapatra"]
[Result "0-1"]
[WhiteElo "1695"]
[BlackElo "1654"]
[Annotator "NA"]
[PlyCount "50"]
[EventDate "2020.09.19"]
[EventType "swiss (blitz)"]

1. e4 e5 2. Nf3 Nf6 3. Nxe5 Nc6 4. Nxc6 dxc6 5. Nc3 Bc5 6. Bc4 Ng4 7. d4 Bxd4 8. O-O Qh4 9. h3 Bxf2+ 10. Rxf2 Qxf2+ 11. Kh1 Ne5 12. Bb3 O-O 13. Bg5 Qg3 14. Bd2 Bxh3 15. Qe2 Bg4 16. Qf1 Qh4+ 17. Kg1 Rad8 18. Bf4 Ng6 19. Bh2 Rd2 20. Re1 Rfd8 21. Qxf7+ Kh8 22. Rf1 Be2 23. Rf6 Rd1+ 24. Nxd1 Rxd1+ 25. Rf1 Rxf1+ 0-1